000 00375cam a2200133u 4500
082 _a920.00973
_bBUR
100 1 _aBurlingame, Roger,
_950201
245 0 0 _aBenjamin Franklin,
_bthe first Mr. American.
260 _aNew York,
_bNew American Library
_c[1955]
300 _a127 p.
_c19 cm.
526 _a0
_b0
_c0
_d920_009730000000000_BUR
650 _aMCE
_9379
942 _2ddc
_cBK
999 _c553317
_d553317